000 00627nam a2200145Ia 4500
008 100122s9999 xx 000 0 und d
082 _b8512
_a320.54
100 _aपंडित नलिनी
245 _aमहाराष्ट्रातील राष्ट्रवादाचा विकास
260 _bनलिनी पंडित
_c1941
300 _a100
630 _aमहाराष्ट्रातील राष्ट्रवादाचा विकास
730 _aमहाराष्ट्रातील राष्ट्रवादाचा विकास
942 _cBOOK
999 _c400784
_d400781